Представление документа в формате RUSMARC

ПолеНазваниеЗначение
  Тип записи a
  Библиографический уровень a
001 Контрольный номер RU/CBS_UL/BASE/1f9b312702c3431ba0f8dee7988301ef
005 Дата корректировки 20260323142526.8
100 Данные общей обработки __
a Данные общей обработки 20260323 ||| 0rusy0189 ca
101 Язык документа 0_
a Язык текста rus
102 Страна публикации __
a Страна публикации RU
200 Заглавие и сведения об ответственности 1_
a Заглавие Под солнцем родимой земли
e Сведения, относящиеся к заглавию [12 лет назад состоялось воссоединение Крыма и Севастополя с Россией]
f Первые сведения об ответственности А. Творогов
300 Общие примечания __
a Общие примечания 16+
461 Уровень набора _0
1 2000
a Народная газета
463 Уровень физической единицы _0
1 2000
a № 11 (18 март.)
v С. 1 ; 5
1 2101
d 2026
1 001RU/CBS_UL/BASE/e89aabcec71e4122a41ab9326f40ed9f
606 Тематические рубрики 0_
a Основная рубрика Крым, республика - История - 2014
y Географическая подрубрика Крым
y Географическая подрубрика Севастополь, город
610 Ключевые слова 0_
a Ключевые слова присоединение Крыма; присоединение Крыма к России; воссоединение Крыма с Россией; внутренняя политика; полуостровы; республики
686 Индексы других классификаций __
a Классификационный индекс 66.3(2Рос)
700 Автор _1
a Фамилия Творогов
b Имя (инициалы) А.
801 Источник записи _0
a Страна RU
b Организация МБУК ЦБС г. Ульяновска
c Дата составления 20260323
g Правила каталогизации RCR
801 Источник записи _1
a Страна RU
b Организация МБУК ЦБС г. Ульяновска
c Дата составления 20260323
g Правила каталогизации RCR
901 Тип документа __
t Тип документа f
w Контрольный № источника RU/CBS_UL/BASE/e89aabcec71e4122a41ab9326f40ed9f
909 Создатель записи __
a Создатель записи mbo